| 000 | 00568nam a2200193Ia 4500 | ||
|---|---|---|---|
| 008 | 240729s9999 xx 000 0 und d | ||
| 022 | _a2047-7538 | ||
| 245 | 0 | _aLight: Science & Applications | |
| 260 | _aUnited Kingdom | ||
| 260 | _bNature Publishing Group | ||
| 650 | _a Applied optics. Photonics | Science | ||
| 650 | _a Engineering (General). Civil engineering (General) | ||
| 650 | _a Optics. Light | ||
| 650 | _a Physics | ||
| 650 | _aTechnology | ||
| 856 | _uhttps://doaj.org/toc/5dc691e1c8c74890a175db9d388333ba | ||
| 942 | _2ddc | ||
| 942 | _cDOAJEJ | ||
| 999 |
_c74255 _d74255 |
||
| 945 |
_a1 _bMadushi Gamage _c1 _dMadushi Gamage |
||